| 000 | 00628nam a22002057a 4500 | ||
|---|---|---|---|
| 999 |
_c13285 _d13285 |
||
| 003 | AR-CdUCM | ||
| 008 | 190411b ||||| |||| 00| 0 spa d | ||
| 040 |
_aMUNICIPALIDAD PROVINCIAL DEL CUSCO _cBIBLIOTECA MUNICIPAL DEL CUSCO |
||
| 082 |
_a348.851 / _bR893 / 1947 |
||
| 100 |
_aRozas Navarro, Guillermo. _931621 |
||
| 245 | _aSeguridad social / | ||
| 260 |
_aLima : _c1947. |
||
| 300 |
_a152 páginas ; _c21 cm. |
||
| 505 | _aContenido:Seguridad social. | ||
| 650 |
_aSeguridad social _99350 |
||
| 650 |
_aSeguro social _931622 |
||
| 650 |
_aSeguro de enfermedad _931623 |
||
| 942 |
_2ddc _cTESIS |
||
| 945 |
_adavv _d11/04/2019 |
||